| 000 | 00590nam a2200193 i 4500 | ||
|---|---|---|---|
| 001 | 52991 | ||
| 003 | ES-MaACL | ||
| 005 | 20251019063040.0 | ||
| 007 | t| | ||
| 008 | 950907s1884 fr ||||1| fre d | ||
| 040 |
_aCAM _bspa _cCAM |
||
| 100 | 1 |
_aDostoievski, Fiódor, _d1821-1881 _9242371 |
|
| 245 | 1 | 3 |
_aLe crime et le chatiment / _cTh. Dostoïevsky ; traduit du russe par Victor Derély. |
| 260 |
_aParis : _bE. Plon, Nourrit et Cie., _c[1884] |
||
| 300 |
_a2 v. ; _c18 cm. |
||
| 700 | 1 |
_aDerély, Victor. _943765 |
|
| 852 |
_aES-MaACL _jD-1981-82 |
||
| 999 |
_c52991 _d52991 |
||